Statistiques concernant Quiz sur Saint-Vincent-et-les-Grenadines

Cliquez ici pour prendre le quiz!

Statistiques générales

  • Ce quiz a été pris 1 819 fois
  • Le résultat moyen est 12 sur 16

Statistiques - réponses

QuestionRéponse% Correct
Langue officielleAnglais
98%
Mer qui borde Sainte-Vincent-et-les-GrenadinesMer des Caraïbes
92%
Premier pays à avoir colonisé l'île, à partir de 1719France
91%
Navigateur européen qui a découvert Saint-Vincent en 1498Christophe Colomb
90%
Devise monétaireDollar
86%
Celui-ci fait partie de ce groupe d'îlesPetites {Antilles}
81%
Pays qui se trouve à 50 kilomètres au nord de Saint-VincentSainte-Lucie
80%
Pays qui se situe juste au sud des GrenadinesGrenade
79%
Roi de Saint-Vincent-et-les-Grenadines, de jureCharles III
77%
Langue la plus parlée{Créole} vincentais
74%
Sport le plus populaireCricket
69%
Type de catastrophe naturelle qui a tué 1 680 personnes en 1902Éruption volcanique
68%
Capitale et plus grande villeKingstown
58%
Les trois premiers films de cette saga Disney ont été tournés,
au moins partiellement, à Saint-Vincent-et-les-Grenadines
Pirates des Caraïbes
47%
Archipel auquel Saint-Vincent-et-les-Grenadines appartientÎles du {Vent}
44%
Religion la plus pratiquée, qui est une branche du christianismeAnglicanisme
35%

Distribution des résultats

Percentile par nombre de réponses

% des personnes avec chaque résultat

Votre développement - résultats

Vous n’avez pas pris ce quiz